| 000 | 00709nam a2200205Ia 4500 | ||
|---|---|---|---|
| 001 | 856 | ||
| 003 | GE_BSU | ||
| 008 | 181216s||||||||xx |||||||||||||| ||und|| | ||
| 040 | _cGE_BSU | ||
| 080 | _a821.161.1.09 | ||
| 245 | _aВопросы литературы народов СССР. | ||
| 245 | _bРеспубликанский межведомственный научный сборник.Основан в 1975г..Одесский гос.ун-т им.И.И.Мечникова | ||
| 260 | _aКиев-Одесса | ||
| 260 | _bВыща школа | ||
| 260 | _c1989 | ||
| 300 | _a184стр. | ||
| 541 | _h5л. | ||
| 653 | _aВопросы литературы народов СССР. | ||
| 942 | _cBK | ||
| 999 |
_c35017 _d35017 |
||